000 00574cam a2200217ua 4500
001 13
005 20260515113120.0
008 190725n ii |||gr||||Z||||||eng
020 _a81-219-2763-3
040 _cMAIN
041 _aeng
082 _a006.7
100 _aNagpal, D. P.,
245 _aWeb design technology :
_btheory and technique on the cutting edge /
_cBy D. P. Nagpal
250 _a1st.
260 _aNew Delhi:
_bS. Chand.,
_c2006.
300 _axvi, 616 p.:
_bill;
_c22 cm.
653 _aComputer science
653 _aWeb Design Technology
942 _cBK
999 _c10
_d10